Elliptic functions and transcendence
Guardat en:
| Autor principal: | |
|---|---|
| Format: | Llibre |
| Idioma: | anglès |
| Publicat: |
Berlín
Springer-Verlag
1975
|
| Col·lecció: | Lecture Notes in Mathematics, 437
|
| Matèries: | |
| Etiquetes: |
Afegir etiqueta
Sense etiquetes, Sigues el primer a etiquetar aquest registre!
|
MARC
| LEADER | 00000nam a2200000 a 4500 | ||
|---|---|---|---|
| 001 | UCP0249 | ||
| 003 | CL-VaPUC | ||
| 008 | 990305e19750000GW |||||||||||||||||eng|d | ||
| 082 | 0 | 4 | |a 515.353 |b MAS |2 21 |
| 100 | |a Masser, David |e autor |9 425332 | ||
| 245 | 1 | 0 | |a Elliptic functions and transcendence |
| 300 | |a 143 p | ||
| 942 | |c BK | ||
| 945 | |d 19990305 00:00:00 |a crobeson | ||
| 260 | |a Berlín |b Springer-Verlag |c 1975 | ||
| 650 | 7 | |a FUNCIONES ELIPTICAS |2 CL-VaPUC |9 271205 | |
| 650 | 7 | |a NUMEROS TRASCENDENTALES |2 CL-VaPUC |9 425333 | |
| 650 | 7 | |a MEDIDAS TRASCENDENTES |2 CL-VaPUC |9 425334 | |
| 583 | |a last modification |c 19990305 00:00:00 |k Rodrigo Vera | ||
| 490 | 0 | |a Lecture Notes in Mathematics, 437 | |
| 999 | |c 279088 |d 279086 | ||
| 952 | |0 0 |1 0 |4 0 |6 515_353000000000000_MAS_1975 |7 0 |8 A |9 318005 |a BIBMAT |b BIBMAT |d 2019-11-20 |i 1323156 |o 515.353 MAS 1975 |p 1323156 |r 2025-01-07 |w 2019-11-20 |y BK |k MAT | ||